LEADER 01107nam0 2200277 450 001 000019526 005 20081118134117.0 100 $a20081118d1971----km-y0itay50------ba 101 0 $aeng$afre 102 $aIT 105 $ay-------001yy 200 1 $aTheory of group representations and Fourier analysis$e2. ciclo$eCentro internazionale matematico estivo (C.I.M.E.)$eMontecatini T., 25 giugno-4 luglio 1970$fcoordinatore: F. Gherardelli 210 $aRoma$cCremonese$d1971 215 $a330 p.$d29 cm 500 10$aTheory of group representations and Fourier analysis$934251 610 1 $aSerie di Fourier 610 1 $aGruppi $aTeoria 676 $a517.5$v17$9Funzioni 676 $a515.243 3$v20$9Analisi matematica. Analisi di Fourier e analisi in serie di funzioni 702 1$aGherardelli,$bFrancesco 710 02$aCentro internazionale matematico estivo$0284620 801 0$aIT$bUNIPARTHENOPE$c20081118$gRICA$2UNIMARC 912 $a000019526 951 $aM 515.243 3/2$bM 335$cDSA$d2008 996 $aTheory of group representations and Fourier analysis$934251 997 $aUNIPARTHENOPE LEADER 01508nas 2200457- 450 001 9910552984603321 005 20260218111053.0 035 $a(OCoLC)1314030430 035 $a(CKB)2560000000235489 035 $a(CONSER)--2022233098 035 $a(DE-599)ZDB2812614-2 035 $a(DE-599)2812614-2 035 $a(EXLCZ)992560000000235489 100 $a20220419a20009999 o-- - 101 0 $apol 135 $aur||||||||||| 181 $ctxt$2rdacontent 182 $cc$2rdamedia 183 $acr$2rdacarrier 200 00$aDiagnostyka 210 1$aWarszawa, Poland :$cPolskie Towarzystwo Diagnostyki Technicznej 215 $a1 online resource 311 08$a1641-6414 606 $aFault location (Engineering)$vPeriodicals 606 $aEngineering systems$xTesting$vPeriodicals 606 $aMachinery$xMonitoring$vPeriodicals 606 $aEngineering systems$xTesting$2fast$3(OCoLC)fst01903121 606 $aFault location (Engineering)$2fast$3(OCoLC)fst00921982 606 $aMachinery$xMonitoring$2fast$3(OCoLC)fst01004993 608 $aPeriodicals.$2fast 615 0$aFault location (Engineering) 615 0$aEngineering systems$xTesting 615 0$aMachinery$xMonitoring 615 7$aEngineering systems$xTesting. 615 7$aFault location (Engineering) 615 7$aMachinery$xMonitoring. 712 02$aPolskie Towarzystwo Diagnostyki Technicznej, 906 $aJOURNAL 912 $a9910552984603321 996 $aDiagnostyka$92806738 997 $aUNINA